Palindromic Word Pairs II Quiz Stats

 Plays Quiz Updated Feb 11, 2019

Support Sporcle.
Go Orange.
Score 0/19 Timer 07:00
0 Plays Today
Left-to-right clue (Length) Word pair % Correct
Shrek, for one (4)ogre --> ergo
83.9%
This may get bent when you drink (5)straw --> warts
67.9%
Many are named Buddy, Max or Princess (4)pets --> step
64.2%
Email woe or a popular Monty Python sketch (4)spam --> maps
63.7%
New Jersey hockey player (5)Devil --> lived
61.7%
Boast or blow one's horn (4)brag --> garb
58.2%
To revise (4)edit --> tide
56.3%
Stood up to (5)faced --> decaf
54.4%
Often offered for information about a bank robber (6)reward --> drawer
53%
Catch red-handed (3)nab --> Ban
42.8%
Left-to-right clue (Length) Word pair % Correct
'HELLO I'm…' sticker (7)nametag --> gateman
37.7%
Part of Chicago or of thrill rides (4)loop --> pool
36.5%
Easily taken advantage of,
like someone who'd pay $3 for a bottle of water (5)
naïve --> Evian
35%
Post-game wrap-ups (6)recaps --> spacer
29.1%
A kind of magnetism (6)animal --> lamina
28.7%
Role for Hoffman or Streep (6)Kramer --> remark
26.3%
Added booze to the punch (5)laced --> decal
24.6%
Eager or enthusiastic, like a golfer or reader (4)avid --> diva
22.3%
Highest peak in the Rockies (6)Elbert --> treble
13.8%

From the Vault

Profile: Katniss Everdeen

by sproutcm

You don't want to get on her bad side.
Remove Ads.
Support Sporcle.
Get the best of Sporcle when you Go Orange. This ad-free experience offers more features, more stats, and more fun while also helping to support Sporcle. Thank you for becoming a member.

Show Comments

Extras

Top Quizzes Today


Score Distribution

Your Account Isn't Verified!

In order to create a playlist on Sporcle, you need to verify the email address you used during registration. Go to your Sporcle Settings to finish the process.

Report this User

Report this user for behavior that violates our Community Guidelines.

Details: